Programa de recuperacion y transformacion urbana. La ciudad de Rosario de siglo XXI / (Registro nro. 12367)
[ vista simple ]
| 000 -LEADER | |
|---|---|
| longitud fija campo de control | 01081nam a22003017a 4500 |
| 003 - IDENTIFICADOR DE NUMERO DE CONTROL | |
| control del campo | AR-RoUNA |
| 005 - FECHA DE LA ULTIMA MODIFICACION | |
| control del campo | 20260408062853.0 |
| 008 - CAMPO DE CONTROL - LIBROS | |
| longitud fija campo de control | 260319b |||||||| |||| 00| 0 spa d |
| 040 ## - ORIGEN DE LA CATALOGACION | |
| Agencia que cataloga la obra original | AR-RoUNA |
| Idioma en que se cataloga | spa |
| Entidad que modifico el registro | AR-RoUNA |
| 041 ## - CODIGO DE IDIOMA | |
| Codigo de idioma del texto / sonido o titulo separado | spa |
| Codigo de idioma de la traduccion original y / o intermedios de texto | spa |
| 044 ## - CODIGO DE PAIS / ENTIDAD PRODUCTORA | |
| Codigo MARC del pais | ag |
| 100 1# - ASIENTO PRINCIPAL - NOMBRE PERSONAL | |
| Nombre personal | Direccion General de Comunicación Social. Municipalidad de Rosario |
| 9 (RLIN) | 27650 |
| 245 10 - TITULO PROPIAMENTE DICHO | |
| Titulo | Programa de recuperacion y transformacion urbana. La ciudad de Rosario de siglo XXI / |
| Mencion de responsabilidad, etc | Direccion General de Comunicación Social. Municipalidad de Rosario |
| 260 ## - EDITORIAL - PUBLICACION, DISTRIBUCION, ETC. (Pie de imprenta) | |
| Lugar de publicacion, distribucion, etc | Rosario, (Santa Fe, Argentina) : |
| Nombre del editor, distribuidor, etc | Municipalidad de Rosario, |
| Fecha de publicacion | 1998/2000 |
| 300 ## - DESCRIPCION FISICA | |
| Extension | [s.p] |
| Otros detalles fisicos | fot. col., |
| Dimensiones | 30x21 cm |
| 650 #4 - MATERIA - TERMINO TEMATICO | |
| Término temático general | Urbanizacion |
| 650 #4 - MATERIA - TERMINO TEMATICO | |
| Término temático general | Analisis territorial |
| 650 #4 - MATERIA - TERMINO TEMATICO | |
| Término temático general | Planes urbanos |
| 650 #4 - MATERIA - TERMINO TEMATICO | |
| Término temático general | Areas metropolitanas |
| 650 #4 - MATERIA - TERMINO TEMATICO | |
| Término temático general | Ordenamiento territorial |
| 650 #4 - MATERIA - TERMINO TEMATICO | |
| Término temático general | Problematica-Propuesta |
| 651 #0 - MATERIA - NOMBRE GEOGRAFICO | |
| Termino geografico | Rosario (Santa Fe, Argentina) |
| 9 (RLIN) | 1246 |
| 908 ## - SOPORTE | |
| Soporte | Imp |
| 930 ## - ACCESION | |
| Numero de accesion (NR) | 12308 |
| 942 ## - FUENTE DE CLASIFICACION | |
| Clasificacion | Dewey Decimal Classification |
| Tipo de item | Libro |
| 945 ## - INFORMACION DE PROCESAMIENTO | |
| Codigo del operador | MIA |
| Fecha de ingreso o modificacion | 2026-03-19 |
| 980 ## - DECLARACIÓN DE EQUIVALENCIA O SERIE DE REFERENCIA CRUZADA - NOMBRE / TÍTULO PERSONAL [LOCAL, CANADÁ] | |
| Código del operador | 1 |
| Nombre del operador | Maricel Allasia |
| Código del operador que modifico el registro | |
| Nombre del operador que modifico el registro | CRON CRON |
| Estado retiro | Estado perdido | Sistema de clasificacion | Estado general | Restricciones de uso | Biblioteca de origen | Ubicacion actual | Localizacion en estante | Fecha de adquisicion | Fuente de adquisicion | Prestamos totales | Signatura y librística | Proveedor | Numero de ejemplar | Tipo de elemento KOHA | Nota no publica |
|---|---|---|---|---|---|---|---|---|---|---|---|---|---|---|---|
| Disponible | Disponible | cdu | No dañado | Ningun uso de restricciones | Arq. Hilarión H. Larguia | Arq. Hilarión H. Larguia | Ros. Urbanismo | 19/03/2026 | Don | 711.2(821.6.17) P964 | 18464 | ej. 1 | Libro |